Top 10 Most Expensive Football Clubs - Statistics

General Stats
  • This quiz has been taken 53 times
  • The average score is 8 of 10
Answer Stats
Hint Answer % Correct
1st Real Madrid
93%
3rd Barcelona
89%
9th Chelsea
89%
7th PSG
87%
6th Bayern Munich
85%
4th Liverpool
85%
10th Arsenal
83%
5th Man City
57%
8th Tottenham Hotspur
48%
2nd Man United
39%
No matching quizzes found
Score Distribution
Percent of People with Each Score
Percentile by Number Answered
Your Score History
You have not taken this quiz